La IX sinfonía de Beethoven: ensayo de crítica y estetica musical

Uloženo v:
Podrobná bibliografie
Hlavní autor: Barroso, Mateo H (Autor)
Médium: Kniha
Jazyk:španělština
Vydáno: Madrid Moderna 1928
Vydání:2a. ed
Témata:
Tagy: Přidat tag
Žádné tagy, Buďte první, kdo vytvoří štítek k tomuto záznamu!

MARC

LEADER 00000nam a2200000 a 4500
001 UCN3201
003 CL-VaPUC
008 010622e19280000SP |||||||||||||||||spa|d
082 0 4 |a 784.184  |b BAR  |2 21 
100 0 |a Barroso, Mateo H  |e author  |9 459615 
245 1 3 |a La IX sinfonía de Beethoven: ensayo de crítica y estetica musical 
250 |a 2a. ed 
300 |a 223 p 
942 |c BK 
945 |d 20010622 00:00:00  |a crobeson 
260 |a Madrid  |b Moderna  |c 1928 
600 0 |a Beethoven, Ludwig van  |d 1770​-1827  |e compositor  |9 306286 
650 0 |a Música orquestal  |9 306546 
650 0 |a Sinfonías  |9 353494 
650 0 |a Análisis musical  |9 267228 
583 |a last modification  |c 20010622 00:00:00  |k Rodrigo Vera 
999 |c 296126  |d 296124 
952 |0 0  |1 0  |4 0  |6 784_184000000000000_BAR_1928  |7 0  |8 A  |9 349738  |a BIBEDU  |b BIBEDU  |d 2019-11-20  |i 1234544  |o 784.184 BAR 1928  |p 1234544  |r 2023-01-12  |w 2019-11-20  |y BK  |k MUS